LIBRARY ONLINE CATALOGUE

Dbase III Plus / (Record no. 2666)

MARC details
000 -LEADER
fixed length control field 00801nam a22002412 4500
001 - CONTROL NUMBER
control field 0000004411
005 - DATE AND TIME OF LATEST TRANSACTION
control field 20151217145807.0
008 - FIXED-LENGTH DATA ELEMENTS--GENERAL INFORMATION
fixed length control field 070523s xx 000 0 eng d
020 ## - INTERNATIONAL STANDARD BOOK NUMBER
International Standard Book Number 0256135150 :
Terms of availability KES 200 (donation)
040 ## - CATALOGING SOURCE
Original cataloging agency KABU
Transcribing agency KABU
050 #0 - LIBRARY OF CONGRESS CALL NUMBER
Classification number QA76.9
Item number .D3H877 1993
100 1# - MAIN ENTRY--PERSONAL NAME
Personal name Hutchinson, Sarah E.
-- 0000151663
245 10 - TITLE STATEMENT
Title Dbase III Plus /
Statement of responsibility, etc. Sara E. Hutchinson, Stacey C. Sawyer, Glen J. Coulthard.
260 ## - PUBLICATION, DISTRIBUTION, ETC. (IMPRINT)
Place of publication, distribution, etc. Burr Ridge, Illinois :
Name of publisher, distributor, etc. Irwin,
Date of publication, distribution, etc. c1993.
300 ## - PHYSICAL DESCRIPTION
Extent vii, 126 p.
650 #0 - SUBJECT ADDED ENTRY--TOPICAL TERM
Topical term or geographic name as entry element dBase III Plus (Computer file)
-- 0000154958
650 #0 - SUBJECT ADDED ENTRY--TOPICAL TERM
Topical term or geographic name as entry element Database management.
-- 0000148184
700 1# - ADDED ENTRY--PERSONAL NAME
Personal name Sawyer, Stacey C.
-- 0000154271
700 1# - ADDED ENTRY--PERSONAL NAME
Personal name Coulthard, Glen J.
-- 0000151666
908 ## - PUT COMMAND PARAMETER (RLIN)
Put command parameter 070523
950 ## - LOCAL HOLDINGS (RLIN)
-- 1
Holdings
Withdrawn status Lost status Source of classification or shelving scheme Not for loan Home library Current library Date acquired Total Checkouts Full call number Barcode Date last seen Price effective from Koha item type
    Library of Congress Classification   Kabarak, Main Campus Kabarak, Main Campus 17/12/2015   QA76.9 .D3H877 1993 008131 17/12/2015 17/12/2015 General Collection